[Event "Holguin (Women)"]
[Site "Holguin"]
[Date "2019.02.04"]
[Round "6"]
[White "Ramon Pita, Vivian"]
[Black "Miranda Llanes, Yerisbel"]
[Result "1/2-1/2"]
[WhiteElo "2165"]
[BlackElo "2271"]
[PlyCount "96"]
[EventDate "2019.01.29"]
[EventType "tourn"]
[EventRounds "11"]
[EventCountry "CUB"]
[SourceTitle "CBM 189 Extra"]
[Source "ChessBase"]
[SourceDate "2019.06.03"]
[SourceVersion "1"]
[SourceVersionDate "2019.06.03"]
[SourceQuality "1"]

1. d4 d5 2. Nf3 Nf6 3. Bg5 Ne4 4. Bf4 Bf5 5. c3 c6 6. Qb3 Qb6 7. Nbd2 Nd7 8. Nxe4 Bxe4 9. Nd2 Bf5 10. f3 g6 11. e4 Be6 12. Qc2 Bg7 13. exd5 cxd5 14. Qb3 0-0 15. Qxb6 Nxb6 16. Bd3 Bd7 17. 0-0 Rfc8 18. Rfe1 Bf8 19. Nb3 Na4 20. Re2 a5 21. Rae1 e6 22. Nc1 b5 23. Rc2 Nb6 24. Ne2 Nc4 25. Rec1 Rc6 26. Kf2 f6 27. h4 Re8 28. Rd1 Rcc8 29. Bxc4 Rxc4 30. Rcd2 Rec8 31. Rh1 b4 32. Rdd1 Bb5 33. Bd2 Bd6 34. g3 bxc3 35. Bxc3 a4 36. Rc1 R8c6 37. f4 a3 38. Ke3 axb2 39. Bxb2 Rc2 40. Rhe1 Bb4 41. Bc3 Rxe2+ 42. Rxe2 Bxe2 43. Kd2 Rxc3 44. Rxc3 Kf7 45. Kc2 Bxc3 46. Kxc3 Ke7 47. Kb4 Kd6 48. a4 e5 1/2-1/2

[Event "Holguin (Women)"]
[Site "Holguin"]
[Date "2019.02.01"]
[Round "4"]
[White "Fernandez Bustamante, Leancy B"]
[Black "Ramon Pita, Vivian"]
[Result "1-0"]
[WhiteElo "2119"]
[BlackElo "2165"]
[PlyCount "155"]
[EventDate "2019.01.29"]
[EventType "tourn"]
[EventRounds "11"]
[EventCountry "CUB"]
[SourceTitle "CBM 189 Extra"]
[Source "ChessBase"]
[SourceDate "2019.06.03"]
[SourceVersion "1"]
[SourceVersionDate "2019.06.03"]
[SourceQuality "1"]

1. e4 c5 2. Nf3 Nc6 3. Bb5 Qc7 4. c3 a6 5. Ba4 b5 6. Bc2 e5 7. 0-0 d6 8. h3 Nge7 9. d4 Ng6 10. Be3 Be7 11. a4 Rb8 12. d5 Nd8 13. axb5 axb5 14. b4 c4 15. Ra7 Rb7 16. Ra5 0-0 17. Nbd2 f6 18. Re1 Nf7 19. Nf1 Ng5 20. Ng3 Nf4 21. Nh4 g6 22. Qd2 Bd8 23. Ra6 Qe7 24. Bxf4 exf4 25. Qxf4 Bb6 26. Kh2 Qd7 27. Ne2 Nxh3 28. gxh3 Qxh3+ 29. Kg1 g5 30. Qg3 Qxh4 31. Qxh4 gxh4 32. Kh2 Bxf2 33. Rf1 Bb6 34. Nf4 Kf7 35. Ng2 h3 36. Nf4 Rb8 37. Ra2 Ke7 38. Nxh3 Rg8 39. Bd1 Bg4 40. Bf3 Bxf3 41. Rxf3 Rg4 42. Rg3 h5 43. Rxg4 hxg4 44. Nf4 f5 45. Kg3 Kf6 46. Rh2 fxe4 47. Rh6+ Kg7 48. Rxd6 Kf7 49. Kxg4 Bf2 50. Kf5 Be1 51. Ne2 e3 52. Rd7+ Kg8 53. Re7 Rf8+ 54. Kg6 Rd8 55. Rxe3 Rd6+ 56. Re6 Rxe6+ 57. dxe6 Kf8 58. Kf6 Ke8 59. Ke5 Ke7 60. Kd5 Bd2 61. Kc5 Kxe6 62. Nd4+ Kd7 63. Nxb5 Be1 64. Kxc4 Kc6 65. Nd4+ Kb6 66. Nf3 Bg3 67. Kd5 Kb5 68. Nd4+ Kb6 69. c4 Bh2 70. c5+ Kb7 71. b5 Bc7 72. Ne6 Bh2 73. Nf8 Bc7 74. Nd7 Bd8 75. c6+ Ka7 76. b6+ Bxb6 77. Nxb6 Kxb6 78. Kd6 1-0

[Event "CUB-ch (Women)"]
[Site "Holguin"]
[Date "2018.02.07"]
[Round "9"]
[White "Arribas Robaina, Maritza"]
[Black "Ramon Pita, Vivian"]
[Result "1/2-1/2"]
[WhiteElo "2250"]
[BlackElo "2161"]
[PlyCount "112"]
[EventDate "2018.01.29"]
[EventType "tourn"]
[EventRounds "11"]
[EventCountry "CUB"]
[SourceTitle "CBM 182 Extra"]
[Source "ChessBase"]
[SourceDate "2018.02.23"]
[SourceVersion "1"]
[SourceVersionDate "2018.02.23"]
[SourceQuality "1"]

1. e4 e5 2. Nf3 Nc6 3. Bb5 a6 4. Ba4 d6 5. c3 Bd7 6. 0-0 g6 7. d4 Bg7 8. Bg5 f6 9. Be3 Nh6 10. dxe5 fxe5 11. Bg5 Qc8 12. Bb3 Be6 13. Nbd2 Nf7 14. Bxe6 Qxe6 15. Be3 0-0 16. Nb3 Ne7 17. Qe2 h6 18. Na5 b6 19. Qc4 Nd8 20. Qxe6+ Nxe6 21. Nc4 g5 22. Rfd1 b5 23. Na5 Rab8 24. a3 Rfd8 25. Rd2 Bf6 26. Ne1 Kf7 27. Rad1 Rg8 28. Nc2 Ra8 29. Nb4 h5 30. Nd5 Nxd5 31. exd5 Ng7 32. Rc2 Ne8 33. c4 bxc4 34. Rxc4 g4 35. Nc6 Bg5 36. Ba7 Nf6 37. Ra4 e4 38. Kf1 Rge8 39. Ke2 Nd7 40. Rxa6 e3 41. Ra5 exf2+ 42. Kxf2 Ne5 43. Bd4 Nxc6 44. Rxa8 Rxa8 45. dxc6 Ra6 46. Ke2 Rxc6 47. Kd3 Ra6 48. Rf1+ Ke6 49. Rf8 Be7 50. Rh8 Ra5 51. Rh6+ Kd7 52. Bc3 Rg5 53. Ke4 Rc5 54. Rh7 Ke6 55. Rh6+ Kd7 56. Rh7 Ke6 1/2-1/2

[Event "CUB-ch (Women)"]
[Site "Holguin"]
[Date "2018.02.02"]
[Round "5"]
[White "Hernandez Moya, Yuleisis"]
[Black "Ramon Pita, Vivian"]
[Result "1-0"]
[WhiteElo "2220"]
[BlackElo "2161"]
[PlyCount "109"]
[EventDate "2018.01.29"]
[EventType "tourn"]
[EventRounds "11"]
[EventCountry "CUB"]
[SourceTitle "CBM 182 Extra"]
[Source "ChessBase"]
[SourceDate "2018.02.23"]
[SourceVersion "1"]
[SourceVersionDate "2018.02.23"]
[SourceQuality "1"]

1. e4 e5 2. Nf3 Nc6 3. Bc4 Nf6 4. d3 Be7 5. 0-0 0-0 6. Re1 d6 7. c3 Na5 8. Bb5 a6 9. Ba4 c5 10. Nbd2 Qc7 11. Nf1 Be6 12. Ng3 Rad8 13. Bc2 Nc6 14. Qe2 Rfe8 15. h3 h6 16. Nh2 d5 17. Ng4 Nxg4 18. hxg4 Bg5 19. Bxg5 hxg5 20. Qe3 Qe7 21. exd5 Bxd5 22. Nf5 Qf6 23. Qxc5 g6 24. Ne3 Be6 25. f3 Kg7 26. Nf1 Rh8 27. Qe3 Qf4 28. a4 f5 29. b4 Qxe3+ 30. Rxe3 Kf6 31. Rae1 b5 32. d4 f4 33. dxe5+ Kf7 34. R3e2 Bc4 35. Rd2 Bxf1 36. Rxd8 Rxd8 37. Kxf1 Rd2 38. Re2 Rxe2 39. Kxe2 bxa4 40. Bxa4 Nxe5 41. Bc2 Nc6 42. Bd3 Nb8 43. Kd2 Ke6 44. Bxg6 Kd6 45. Be8 Ke7 46. Ba4 Kd6 47. Kd3 a5 48. Bb5 axb4 49. cxb4 Kd5 50. Kc3 Kd6 51. Kd4 Kc7 52. Ke5 Kb6 53. Be8 Na6 54. b5 Nc7 55. Bc6 1-0

[Event "CUB-ch sf (Women)"]
[Site "Holguin"]
[Date "2018.01.20"]
[Round "8"]
[White "Sanchez Ones, Yeny"]
[Black "Ramon Pita, Vivian"]
[Result "0-1"]
[WhiteElo "2087"]
[BlackElo "2161"]
[PlyCount "60"]
[EventDate "2018.01.13"]
[EventType "tourn"]
[EventRounds "9"]
[EventCountry "CUB"]
[SourceTitle "EXT 2021"]
[Source "ChessBase"]
[SourceDate "2020.10.23"]
[SourceVersion "1"]
[SourceVersionDate "2020.10.23"]
[SourceQuality "1"]

1. e4 e5 2. Nf3 Qe7 3. Nc3 Nf6 4. d4 d6 5. Bc4 h6 6. a4 c6 7. h3 Qc7 8. b3 Nbd7 9. Ba3 Be7 10. 0-0 0-0 11. d5 Re8 12. Qd2 c5 13. Bb5 a6 14. Bd3 Nf8 15. Ne2 Ng6 16. Qc3 Qd8 17. b4 b6 18. bxc5 bxc5 19. Rfb1 Nh5 20. Nd2 Bh4 21. Nc4 Nhf4 22. Ng3 Bxh3 23. gxh3 Nxh3+ 24. Kf1 Bxg3 25. fxg3 Qf6+ 26. Kg2 Ngf4+ 27. Kh2 Nxd3 28. Qxd3 Ng5 29. Rb6 Qf2+ 30. Kh1 Nf3 0-1

[Event "CUB-ch sf (Women)"]
[Site "Holguin"]
[Date "2018.01.14"]
[Round "2"]
[White "Hernandez Gil, Ineymig"]
[Black "Ramon Pita, Vivian"]
[Result "0-1"]
[WhiteElo "1972"]
[BlackElo "2161"]
[PlyCount "86"]
[EventDate "2018.01.13"]
[EventType "tourn"]
[EventRounds "9"]
[EventCountry "CUB"]
[SourceTitle "EXT 2021"]
[Source "ChessBase"]
[SourceDate "2020.10.23"]
[SourceVersion "1"]
[SourceVersionDate "2020.10.23"]
[SourceQuality "1"]

1. e4 e5 2. Nf3 Nc6 3. d4 exd4 4. Nxd4 Nf6 5. Nc3 Bb4 6. Nxc6 bxc6 7. Bd3 d6 8. 0-0 h6 9. Re1 0-0 10. Qf3 Ng4 11. e5 Bxc3 12. Qe4 g6 13. bxc3 Nxe5 14. Bxh6 Bf5 15. Qf4 Bxd3 16. cxd3 Re8 17. Re3 Re6 18. Bg5 Qf8 19. h4 Rae8 20. Rg3 f5 21. h5 Ng4 22. Rf1 Qf7 23. hxg6 Rxg6 24. f3 Ne5 25. d4 Nd7 26. Qh4 Ree6 27. Rh3 Qg7 28. f4 Nf6 29. Rb1 Re8 30. Rb7 Nd5 31. Rg3 Qf7 32. Rh3 Qg7 33. Rg3 c5 34. dxc5 dxc5 35. Rd3 Nxc3 36. Rxa7 c4 37. Rd2 Ne4 38. Rc2 Qd4+ 39. Kh2 Qxa7 40. Rxc4 Nxg5 41. fxg5 Kg7 42. Qf4 c6 43. Qxf5 Rh8+ 0-1

[Event "CUB-ch (Women)"]
[Site "Cienfuegos"]
[Date "2016.02.12"]
[Round "15"]
[White "Ramon Pita, Vivian"]
[Black "Linares Napoles, Oleiny"]
[Result "0-1"]
[WhiteElo "2149"]
[BlackElo "2242"]
[PlyCount "122"]
[EventDate "2016.01.29"]
[EventType "tourn"]
[EventRounds "15"]
[EventCountry "CUB"]
[SourceTitle "EXT 2017"]
[Source "ChessBase"]
[SourceDate "2016.10.25"]
[SourceVersion "1"]
[SourceVersionDate "2016.10.25"]
[SourceQuality "1"]

1. d4 Nf6 2. c4 c5 3. d5 e6 4. Nc3 exd5 5. cxd5 d6 6. g3 g6 7. Bg2 Bg7 8. Nf3 0-0 9. 0-0 a6 10. a4 Nbd7 11. Qc2 Re8 12. h3 Rb8 13. a5 b5 14. axb6 Nxb6 15. e4 Nfd7 16. Ra2 Qc7 17. Bf4 c4 18. Be3 Nc5 19. Nd4 Bd7 20. Ra3 Qc8 21. Kh2 Nd3 22. Nd1 Bb5 23. Nc3 Nd7 24. Ncxb5 axb5 25. Nc6 Ra8 26. Rxa8 Qxa8 27. b3 Qa6 28. bxc4 bxc4 29. Rb1 h5 30. h4 Nf6 31. Nb4 Ng4+ 32. Kg1 Nxe3 33. fxe3 Nxb4 34. Rxb4 c3 35. Bf1 Qa7 36. Kf2 Be5 37. Be2 Ra8 38. Rb1 Qc7 39. Kf3 Ra3 40. Bd3 Kg7 41. Rb3 Ra7 42. Rb1 Qe7 43. Qe2 Qd7 44. Kg2 Qc8 45. Bc4 Ra4 46. Bd3 Qa8 47. Bc4 Qa7 48. Kf3 Qc5 49. Bd3 Qa7 50. Bc4 Ra3 51. Bb3 Qb7 52. Qd1 Qd7 53. Kg2 Qc8 54. Bc2 Ra2 55. Ra1 Rb2 56. Rb1 Qg4 57. Rxb2 Qxg3+ 58. Kf1 cxb2 59. Qd3 Qxh4 60. Qb3 Qh2 61. Ke1 h4 0-1

[Event "CUB-ch (Women)"]
[Site "Cienfuegos"]
[Date "2016.02.11"]
[Round "14"]
[White "Corrales Jimenez, Zenia"]
[Black "Ramon Pita, Vivian"]
[Result "1/2-1/2"]
[WhiteElo "2240"]
[BlackElo "2149"]
[PlyCount "76"]
[EventDate "2016.01.29"]
[EventType "tourn"]
[EventRounds "15"]
[EventCountry "CUB"]
[SourceTitle "EXT 2017"]
[Source "ChessBase"]
[SourceDate "2016.10.25"]
[SourceVersion "1"]
[SourceVersionDate "2016.10.25"]
[SourceQuality "1"]

1. e4 e5 2. Nf3 Nc6 3. d4 exd4 4. Nxd4 Nf6 5. Nxc6 bxc6 6. e5 Qe7 7. Qe2 Nd5 8. c4 Nb6 9. Nd2 a5 10. b3 a4 11. Bb2 axb3 12. axb3 Rxa1+ 13. Bxa1 Qa3 14. Qd1 Bb4 15. Bd3 Qa2 16. Ke2 d5 17. Bd4 dxc4 18. bxc4 Be6 19. Qc2 Qxc2 20. Bxc2 c5 21. Be3 Nxc4 22. Nxc4 Bxc4+ 23. Bd3 Bd5 24. Rc1 Kd7 25. Bxc5 Bxc5 26. Rxc5 c6 27. Bc4 Bxc4+ 28. Rxc4 Re8 29. f4 f6 30. Ra4 fxe5 31. Ra7+ Kd6 32. Rxg7 exf4+ 33. Kf3 h6 34. Rg6+ Re6 35. Rxe6+ Kxe6 36. Kxf4 Kd5 37. Ke3 h5 38. g3 Ke5 1/2-1/2

[Event "CUB-ch (Women)"]
[Site "Cienfuegos"]
[Date "2016.02.08"]
[Round "11"]
[White "Ramon Pita, Vivian"]
[Black "Forgas Moreno, Yaniela"]
[Result "1-0"]
[WhiteElo "2149"]
[BlackElo "2228"]
[PlyCount "121"]
[EventDate "2016.01.29"]
[EventType "tourn"]
[EventRounds "15"]
[EventCountry "CUB"]
[SourceTitle "EXT 2017"]
[Source "ChessBase"]
[SourceDate "2016.10.25"]
[SourceVersion "1"]
[SourceVersionDate "2016.10.25"]
[SourceQuality "1"]

1. d4 f5 2. g3 d6 3. Bg2 Nf6 4. b3 g6 5. Bb2 Bg7 6. d5 e5 7. dxe6 Nc6 8. Nh3 Bxe6 9. Nf4 Bf7 10. c4 0-0 11. h4 Rb8 12. Qc2 Qe7 13. a3 Rfe8 14. 0-0 Ne5 15. Nd2 Neg4 16. Nf3 Ne4 17. Bxg7 Kxg7 18. Qb2+ Kg8 19. Qd4 a6 20. Nd5 Bxd5 21. Qxd5+ Qf7 22. Qxf7+ Kxf7 23. Rac1 h6 24. b4 c6 25. Bh3 Ngf6 26. Rfd1 d5 27. c5 a5 28. Nd4 axb4 29. axb4 Ra8 30. Rc2 Nd7 31. e3 Ne5 32. Bf1 Kf6 33. Kg2 Ng4 34. Rb1 g5 35. h5 f4 36. exf4 gxf4 37. Rb3 Rg8 38. b5 Ra1 39. Rf3 Ke5 40. Rd3 Ra4 41. Nf3+ Kf6 42. Nd4 Ne5 43. Rd1 fxg3 44. f3 Nf2 45. Rdd2 Ra1 46. f4 Neg4 47. Re2 Ne4 48. bxc6 bxc6 49. Nxc6 Nh2 50. Nb4 Ke6 51. f5+ Ke5 52. Nd3+ Kxf5 53. Nc1 Ra3 54. c6 Ng4 55. c7 Rc8 56. Kg1 Ngf2 57. Bg2 d4 58. Rxe4 Nxe4 59. Bh3+ Kf4 60. Bxc8 Nd6 61. Bh3 1-0

[Event "CUB-ch (Women)"]
[Site "Cienfuegos"]
[Date "2016.01.30"]
[Round "2"]
[White "Gonzalez Ochoa, Yoana"]
[Black "Ramon Pita, Vivian"]
[Result "1/2-1/2"]
[WhiteElo "2150"]
[BlackElo "2149"]
[PlyCount "70"]
[EventDate "2016.01.29"]
[EventType "tourn"]
[EventRounds "15"]
[EventCountry "CUB"]
[SourceTitle "EXT 2017"]
[Source "ChessBase"]
[SourceDate "2016.10.25"]
[SourceVersion "1"]
[SourceVersionDate "2016.10.25"]
[SourceQuality "1"]

1. e4 e5 2. Nf3 Nc6 3. Bb5 Nge7 4. Nc3 g6 5. d4 exd4 6. Nd5 Bg7 7. Bg5 h6 8. Bf6 Kf8 9. Bxg7+ Kxg7 10. Nxe7 Qxe7 11. Bxc6 bxc6 12. Qxd4+ f6 13. 0-0-0 d6 14. h4 Re8 15. Rde1 c5 16. Qc3 Rb8 17. Rhg1 h5 18. g3 Rb4 19. Nd2 Qf7 20. a3 Rb5 21. f4 Bd7 22. e5 d5 23. exf6+ Qxf6 24. Qxf6+ Kxf6 25. Rxe8 Bxe8 26. Re1 Bf7 27. Re5 Rb6 28. Nf3 Rd6 29. Ng5 Rd7 30. Kd2 c6 31. Kd3 c4+ 32. Kd4 Rb7 33. Kc3 Rd7 34. Kd4 Rb7 35. Kc3 Rd7 1/2-1/2

[Event "Sao Bernardo do Campo LXSBC op 4th"]
[Site "Sao Bernardo do Campo"]
[Date "2012.07.15"]
[Round "6"]
[White "Ramon Pita, Vivian"]
[Black "Dutra, Liliam Guedes"]
[Result "1-0"]
[WhiteElo "2207"]
[BlackElo "1784"]
[PlyCount "71"]
[EventDate "2012.07.13"]
[EventType "swiss"]
[EventRounds "6"]
[EventCountry "BRA"]
[SourceTitle "CBM 149 Extra"]
[Source "ChessBase"]
[SourceDate "2012.08.24"]
[SourceVersion "1"]
[SourceVersionDate "2012.08.24"]
[SourceQuality "1"]

1. d4 d6 2. Nf3 Nf6 3. h3 Nbd7 4. Bf4 c5 5. e3 g6 6. c3 Bg7 7. Nbd2 0-0 8. Be2 a6 9. a4 Re8 10. Bh2 b6 11. 0-0 Bb7 12. Bc4 cxd4 13. exd4 Rc8 14. Ng5 d5 15. Be2 Ne4 16. Ngf3 Ndf6 17. Bd3 h6 18. Re1 Nxd2 19. Nxd2 e6 20. Qe2 Bf8 21. Bxa6 Bxa6 22. Qxa6 Ra8 23. Qd3 Bd6 24. Bxd6 Qxd6 25. Qe3 Kg7 26. Qe5 Qxe5 27. Rxe5 Nd7 28. Re3 b5 29. a5 f5 30. b4 e5 31. dxe5 Nxe5 32. Rae1 Kf6 33. f4 Nc4 34. Rxe8 Rxe8 35. Rxe8 Kf7 36. Re2 1-0

[Event "CUB-ch (Women)"]
[Site "Ciudad de Holguin"]
[Date "2011.01.31"]
[Round "4"]
[White "Perez Rodriguez, Jennifer"]
[Black "Ramon Pita, Vivian"]
[Result "1/2-1/2"]
[WhiteElo "2231"]
[BlackElo "2203"]
[PlyCount "148"]
[EventDate "2011.01.28"]
[EventType "swiss"]
[EventRounds "9"]
[EventCountry "CUB"]
[EventCategory "1"]
[SourceTitle "EXT 2012"]
[Source "ChessBase"]
[SourceDate "2011.11.24"]
[SourceVersion "1"]
[SourceVersionDate "2011.11.24"]
[SourceQuality "1"]

1. Nf3 c6 2. g3 d5 3. Bg2 Bg4 4. 0-0 Nd7 5. d4 e6 6. Nbd2 Ngf6 7. c4 Be7 8. b3 0-0 9. Bb2 h6 10. Re1 Bf5 11. Ne5 Bb4 12. a3 Ba5 13. b4 Bc7 14. Nxd7 Qxd7 15. Qb3 a6 16. Rac1 Rac8 17. a4 Ne4 18. Nxe4 Bxe4 19. Bxe4 dxe4 20. Red1 Rcd8 21. d5 exd5 22. cxd5 Qg4 23. dxc6 bxc6 24. Qc4 Rd6 25. Rxd6 Bxd6 26. Rd1 Bb8 27. Rd4 Ba7 28. Rxe4 Qf5 29. Rf4 Qb1+ 30. Qc1 Qxc1+ 31. Bxc1 Rd8 32. Rc4 Rd6 33. Kg2 f5 34. Bf4 Re6 35. e3 Kf7 36. h4 h5 37. Kf3 g6 38. Ke2 Bb6 39. a5 Bd8 40. Rd4 Ke8 41. Kd3 Bf6 42. Rd6 Ke7 43. Rxe6+ Kxe6 44. Kc4 Be7 45. Bc7 Bf8 46. Bb6 Kd7 47. Bc5 Bg7 48. Kd3 Ke6 49. Kc4 Kd7 50. Kd3 Ke6 51. Bd4 Bf8 52. Kc4 Kd7 53. Be5 Ke6 54. Bb8 Kd7 55. f3 Kc8 56. Be5 Kd7 57. e4 fxe4 58. fxe4 Kc8 59. Bd4 Kd7 60. Bc5 Bg7 61. Be3 Bf8 62. e5 Ke6 63. Bc5 Bh6 64. Bd6 Be3 65. Bc5 Bh6 66. Bb6 Bf8 67. Bc5 Bh6 68. Bb6 Bf8 69. Bc7 Kd7 70. Bb8 Ke6 71. Bc7 Kd7 72. Bb6 Ke6 73. Bc7 Kd7 74. Bb8 Ke6 1/2-1/2

[Event "Sao Paulo (Women)"]
[Site "Sao Paulo"]
[Date "2010.11.20"]
[Round "5"]
[White "Pereira, Amanda Marques"]
[Black "Ramon Pita, Vivian"]
[Result "1-0"]
[WhiteElo "1980"]
[BlackElo "2253"]
[PlyCount "53"]
[EventDate "2010.11.16"]
[EventType "tourn"]
[EventRounds "9"]
[EventCountry "BRA"]
[SourceTitle "CBM 139 Extra"]
[Source "ChessBase"]
[SourceDate "2011.01.05"]
[SourceVersion "1"]
[SourceVersionDate "2011.01.05"]
[SourceQuality "1"]

1. e4 e5 2. Nf3 Qe7 3. Nc3 c6 4. d4 d6 5. d5 c5 6. Bb5+ Nd7 7. 0-0 a6 8. Be2 b5 9. a4 b4 10. Nb1 Ngf6 11. Nbd2 g6 12. c3 Rb8 13. Qc2 Bg7 14. Nc4 bxc3 15. bxc3 0-0 16. Na5 Ra8 17. Nc6 Qe8 18. Rb1 Nh5 19. Nd2 f5 20. Nc4 Rf6 21. Bg5 Qf8 22. Bxh5 gxh5 23. Bxf6 Nxf6 24. Nb6 fxe4 25. Nxa8 Ng4 26. h3 Nh6 27. Rb8 1-0

[Event "Sao Paulo (Women)"]
[Site "Sao Paulo"]
[Date "2010.11.18"]
[Round "3"]
[White "Tournier, Laurie Cristiane"]
[Black "Ramon Pita, Vivian"]
[Result "0-1"]
[WhiteElo "2045"]
[BlackElo "2253"]
[PlyCount "66"]
[EventDate "2010.11.16"]
[EventType "tourn"]
[EventRounds "9"]
[EventCountry "BRA"]
[SourceTitle "CBM 139 Extra"]
[Source "ChessBase"]
[SourceDate "2011.01.05"]
[SourceVersion "1"]
[SourceVersionDate "2011.01.05"]
[SourceQuality "1"]

1. e4 c6 2. d3 d5 3. Qe2 dxe4 4. dxe4 e5 5. Nf3 Nf6 6. g3 Bg4 7. Bg2 Nbd7 8. Nbd2 h6 9. 0-0 Qc7 10. a4 Bc5 11. c3 0-0 12. h3 Be6 13. Nh4 a5 14. Re1 Nb6 15. Nf1 Rfd8 16. Qf3 Nh7 17. Nf5 Bf8 18. g4 Ng5 19. Qg3 Bb3 20. Nd2 Bc2 21. Bf1 Rxd2 22. Bxd2 Nxe4 23. Rxe4 Bxe4 24. Re1 Bxf5 25. gxf5 Qd6 26. Be3 Nd5 27. Bc1 Re8 28. Bc4 Qf6 29. Kh1 Qxf5 30. Bxh6 Re6 31. Bd2 Bd6 32. Qg2 Rg6 33. Qf1 Qf3+ 0-1